The Return of Sherlock Holmes/ (Record no. 214605)

MARC details
000 -LEADER
fixed length control field 00595nam a22001937a 4500
005 - DATE AND TIME OF LATEST TRANSACTION
control field 20260128153833.0
010 ## - LCCN (DPL NO)
LC control number ENG-147709
020 ## - INTERNATIONAL STANDARD BOOK NUMBER
International Standard Book Number 9789390001118
Terms of availability 295.00
035 ## - SYSTEM CONTROL NUMBER
System control number EN-131241
037 ## - SOURCE OF ACQUISITION
Source of stock number/acquisition DBAD
082 ## - DEWEY DECIMAL CLASSIFICATION NUMBER
Edition number 1
Classification number N
100 ## - MAIN ENTRY--PERSONAL NAME
Personal name Doyle, Arthur Conan
245 ## - TITLE STATEMENT
Title The Return of Sherlock Holmes/
Statement of responsibility, etc Arthur Conan Doyle
250 ## - EDITION STATEMENT
Edition statement 1
260 ## - PUBLICATION, DISTRIBUTION, ETC. (IMPRINT)
Place of publication, distribution, etc East Delhi
Name of publisher, distributor, etc Pharos Books
Date of publication, distribution, etc 2023
270 ## - ADDRESS
Address Plot No. -63 Main Mother Dairy Road Pandav Nagar, East Delhi
City East Delhi
Postal code 110092
Telephone number 011-403958555
Electronic mail address sales@pharosbooks.in
300 ## - PHYSICAL DESCRIPTION
Extent 359p.
Dimensions 21cm(pb)
942 ## - ADDED ENTRY ELEMENTS (KOHA)
Source of classification or shelving scheme Dewey Decimal Classification
Item type English Books
Call number suffix DOY
Classification part N
Holdings
Withdrawn status Lost status Not for loan Collection code Home library Current library Date acquired Source of acquisition Cost, normal purchase price Full call number Barcode Copy number Cost, replacement price Koha item type
      Fiction Ashok Vihar Ashok Vihar 28/01/2026 Delivery of Books Act Division 295.00 DOY N EN-131241 1 295.00 English Books

© Delhi Public Library
Hit Counter
free hit counter